[Event "EU-chT Seniors"]
[Site "Rogaska Slatina"]
[Date "2012.04.04"]
[Round "9.17"]
[White "Lerstad, Bjorn"]
[Black "Vink, Wim"]
[Result "1/2-1/2"]
[WhiteElo "1902"]
[BlackElo "1954"]
[PlyCount "28"]
[EventDate "2012.03.27"]
[EventType "team-swiss"]
[EventRounds "9"]
[EventCountry "SLO"]
[SourceTitle "CBM 147 Extra"]
[Source "ChessBase"]
[SourceDate "2012.04.24"]
[SourceVersion "1"]
[SourceVersionDate "2012.04.24"]
[SourceQuality "1"]
[WhiteTeam "Norway (Seniors) V"]
[BlackTeam "Discendo Discimus (Seniors)"]
[WhiteTeamCountry "NOR"]
[BlackTeamCountry "NED"]

1. d4 d5 2. c4 c6 3. Nc3 Nf6 4. e3 g6 5. Nf3 Bg7 6. Qb3 0-0 7. Be2 e6 8. Qc2 Nbd7 9. b3 b6 10. Bb2 Bb7 11. 0-0 Rc8 12. Rfd1 Qc7 13. Rac1 Qb8 14. h3 Rfd8 1/2-1/2

[Event "Andorra op 29th"]
[Site "Arinsal"]
[Date "2011.07.16"]
[Round "1"]
[White "Damljanovic, Branko"]
[Black "Vink, Wim"]
[Result "1-0"]
[WhiteElo "2611"]
[BlackElo "1980"]
[PlyCount "97"]
[EventDate "2011.07.16"]
[EventType "swiss"]
[EventRounds "9"]
[EventCountry "AND"]
[SourceTitle "CBM 143 Extra"]
[Source "ChessBase"]
[SourceDate "2011.08.29"]
[SourceVersion "1"]
[SourceVersionDate "2011.08.29"]
[SourceQuality "1"]

1. d4 d5 2. c4 c6 3. Nc3 Nf6 4. e3 g6 5. Nf3 Bg7 6. Bd3 0-0 7. 0-0 Bg4 8. h3 Bxf3 9. Qxf3 e6 10. Rd1 Nbd7 11. Bd2 Qe7 12. cxd5 exd5 13. b4 a6 14. a4 Rfe8 15. b5 axb5 16. axb5 Rxa1 17. Rxa1 Ne4 18. Be1 Nb6 19. bxc6 bxc6 20. Rb1 Nc8 21. Rc1 f5 22. Qd1 Nxc3 23. Bxc3 Qd7 24. Qa4 Re6 25. Bd2 Bf6 26. Qa8 Bd8 27. Rb1 Nd6 28. Rb6 Nf7 29. Rb7 Qe8 30. Rb8 Kg7 31. Rc8 Qd7 32. Bb4 Kf6 33. Kf1 Be7 34. Bxe7+ Kxe7 35. Qb8 Qd6 36. Rc7+ Kf6 37. Qa7 Re7 38. Rxe7 Qxe7 39. Qb6 Qd6 40. Be2 h6 41. g3 Ng5 42. Bb5 Nxh3 43. Qxc6 Qxc6 44. Bxc6 Ke6 45. f4 g5 46. Kg2 g4 47. Bb7 h5 48. Bc8+ Kf6 49. Bd7 1-0

[Event "EU-chT Seniors 12th"]
[Site "Dresden"]
[Date "2010.02.12"]
[Round "3"]
[White "Vink, Wim"]
[Black "Fritsch, Juergen"]
[Result "1-0"]
[WhiteElo "2001"]
[BlackElo "1949"]
[PlyCount "73"]
[EventDate "2010.02.10"]
[EventType "team-swiss"]
[EventRounds "9"]
[EventCountry "GER"]
[SourceTitle "CBM 134 Extra"]
[Source "ChessBase"]
[SourceDate "2010.03.03"]
[SourceVersion "1"]
[SourceVersionDate "2010.03.03"]
[SourceQuality "1"]
[WhiteTeam "Den Haag (Seniors)"]
[BlackTeam "Niedersachsen (Seniors)"]
[WhiteTeamCountry "NED"]
[BlackTeamCountry "GER"]

1. d4 d5 2. Nf3 Nf6 3. c4 e6 4. Nc3 a6 5. cxd5 exd5 6. Bg5 Be7 7. e3 0-0 8. Bd3 h6 9. Bh4 c6 10. h3 Nbd7 11. Qc2 g5 12. Bg3 Nh5 13. Bh2 Ng7 14. 0-0 f5 15. Ne5 Nxe5 16. Bxe5 Bf6 17. f4 gxf4 18. exf4 Bxe5 19. fxe5 Qg5 20. Rf3 f4 21. Raf1 Bf5 22. Rxf4 Bxd3 23. Rxf8+ Rxf8 24. Rxf8+ Kxf8 25. Qxd3 Nf5 26. Ne2 Ke7 27. g3 Kd7 28. Kf2 h5 29. Qf3 h4 30. g4 Ne7 31. Qf4 Qg6 32. a3 Qd3 33. Qe3 Qc2 34. e6+ Kd8 35. Qf4 Ng6 36. Qd6+ Kc8 37. e7 1-0

[Event "Vienna op 16th"]
[Site "Vienna"]
[Date "2009.08.16"]
[Round "2"]
[White "Bachofner, Andreas"]
[Black "Vink, Wim"]
[Result "1-0"]
[WhiteElo "2240"]
[BlackElo "1990"]
[PlyCount "94"]
[EventDate "2009.08.15"]
[EventType "swiss"]
[EventRounds "9"]
[EventCountry "AUT"]
[SourceTitle "CBM 131 Extra"]
[Source "ChessBase"]
[SourceDate "2009.09.03"]
[SourceVersion "2"]
[SourceVersionDate "2009.09.16"]
[SourceQuality "1"]

1. e4 c6 2. d4 d5 3. exd5 cxd5 4. Bd3 Nc6 5. c3 Nf6 6. Bf4 g6 7. Nf3 Bf5 8. Bxf5 gxf5 9. Qb3 Qd7 10. Ne5 Nxe5 11. Bxe5 Bg7 12. Na3 0-0 13. Nc2 e6 14. f3 Nh5 15. Bxg7 Kxg7 16. g3 Kh8 17. Nb4 Qc7 18. Nd3 Rg8 19. 0-0-0 a5 20. Kb1 b6 21. Qc2 Rac8 22. Qe2 Rg7 23. Rhg1 Nf6 24. Ne5 Re8 25. Rde1 Nd7 26. Nxd7 Qxd7 27. Qe5 Qd8 28. g4 f6 29. Qf4 fxg4 30. fxg4 Rg6 31. Rgf1 Kg7 32. h4 h6 33. Re3 Qe7 34. Rfe1 Qd7 35. a3 Re7 36. Rf3 Rf7 37. Ref1 e5 38. dxe5 Rxg4 39. exf6+ Kh7 40. Qb8 b5 41. Re1 Rxh4 42. Rg1 Rg4 43. Rxg4 Qxg4 44. Rg3 Qe4+ 45. Ka1 Qe1+ 46. Ka2 Qxg3 47. Qxg3 Rxf6 1-0

[Event "Hessen-ch Seniors op 05th"]
[Site "Bad Sooden-Allendorf"]
[Date "2009.05.03"]
[Round "9"]
[White "Alvarez, Luis"]
[Black "Vink, Wim"]
[Result "1/2-1/2"]
[WhiteElo "1702"]
[BlackElo "1693"]
[PlyCount "29"]
[EventDate "2009.04.25"]
[EventType "swiss"]
[EventRounds "9"]
[EventCountry "GER"]
[SourceTitle "EXT 2022"]
[Source "ChessBase"]
[SourceDate "2021.10.06"]
[SourceVersion "1"]
[SourceVersionDate "2021.10.06"]
[SourceQuality "1"]

1. e4 e5 2. Nf3 Nc6 3. Bb5 a6 4. Ba4 Nf6 5. d3 b5 6. Bb3 Be7 7. c3 d6 8. h3 Na5 9. Bc2 c5 10. d4 cxd4 11. cxd4 Qc7 12. 0-0 0-0 13. Nc3 Bb7 14. Re1 Rac8 15. Bd3 1/2-1/2

[Event "Hessen-ch Seniors op 05th"]
[Site "Bad Sooden-Allendorf"]
[Date "2009.05.02"]
[Round "8"]
[White "Vink, Wim"]
[Black "Filbry, Lothar"]
[Result "1-0"]
[WhiteElo "1693"]
[BlackElo "1609"]
[PlyCount "49"]
[EventDate "2009.04.25"]
[EventType "swiss"]
[EventRounds "9"]
[EventCountry "GER"]
[SourceTitle "EXT 2022"]
[Source "ChessBase"]
[SourceDate "2021.10.06"]
[SourceVersion "1"]
[SourceVersionDate "2021.10.06"]
[SourceQuality "1"]

1. d4 d5 2. c4 Nf6 3. cxd5 Nxd5 4. e4 Nf6 5. Nc3 e6 6. Be3 Be7 7. Rc1 0-0 8. Bd3 Nc6 9. Bb1 Bd7 10. f4 Ne8 11. Nf3 Nd6 12. Qe2 f6 13. 0-0 Na5 14. Bd3 a6 15. Kh1 Be8 16. b4 Nc6 17. a3 Nb5 18. Nxb5 axb5 19. Rc3 Bh5 20. Bxb5 Qd6 21. Bxc6 bxc6 22. Qc4 Be8 23. f5 Kh8 24. fxe6 Bg6 25. Nd2 1-0

[Event "EU-chT Seniors 11th"]
[Site "Velden"]
[Date "2009.04.08"]
[Round "4"]
[White "Vink, Wim"]
[Black "Badestein, Hartmut"]
[Result "1/2-1/2"]
[WhiteElo "2014"]
[BlackElo "2195"]
[PlyCount "55"]
[EventDate "2009.04.05"]
[EventType "team-swiss"]
[EventRounds "9"]
[EventCountry "AUT"]
[SourceTitle "CBM 129 Extra"]
[Source "ChessBase"]
[SourceDate "2009.05.05"]
[SourceVersion "2"]
[SourceVersionDate "2009.05.20"]
[SourceQuality "1"]

1. d4 Nf6 2. Nf3 g6 3. g3 Bg7 4. Bg2 0-0 5. 0-0 d6 6. b3 Nbd7 7. Bb2 c6 8. Nbd2 Re8 9. e4 Qc7 10. c4 e5 11. Qc2 Nf8 12. Rfe1 a5 13. a3 exd4 14. Nxd4 Ng4 15. Rad1 Ne6 16. Nxe6 Bxe6 17. Bxg7 Kxg7 18. h3 Nh6 19. Nf3 f6 20. Nd4 Nf7 21. f4 Qe7 22. Qc3 Bd7 23. Re2 c5 24. Nc2 Bc6 25. Re3 h6 26. Rde1 Kh7 27. Kh2 Ra7 28. R1e2 1/2-1/2

[Event "Hessen-ch Seniors op 04th"]
[Site "Bad Sooden-Allendorf"]
[Date "2008.05.01"]
[Round "8"]
[White "Vink, Wim"]
[Black "Szenetra, Werner"]
[Result "0-1"]
[WhiteElo "2096"]
[BlackElo "2212"]
[PlyCount "112"]
[EventDate "2008.04.24"]
[EventType "swiss"]
[EventRounds "9"]
[EventCountry "GER"]
[SourceTitle "EXT 2022"]
[Source "ChessBase"]
[SourceDate "2021.10.06"]
[SourceVersion "1"]
[SourceVersionDate "2021.10.06"]
[SourceQuality "1"]

1. c4 d6 2. d4 g6 3. g3 Bg7 4. Bg2 Nd7 5. Nf3 e5 6. Nc3 Ne7 7. e4 0-0 8. 0-0 Nc6 9. Be3 exd4 10. Nxd4 Nde5 11. Nxc6 bxc6 12. Bd4 Nxc4 13. Bxg7 Kxg7 14. Qd4+ Ne5 15. f4 c5 16. Qd2 Nc4 17. Qe2 Nb6 18. a4 a5 19. Rfd1 Ba6 20. Qf2 Qe7 21. Re1 Rad8 22. Rad1 f6 23. h4 Bc4 24. Bf1 Bb3 25. Ra1 Qf7 26. Bb5 Qe6 27. Bc6 Qg4 28. Kg2 g5 29. hxg5 fxg5 30. Qf3 Rxf4 31. Qxg4 Rxg4 32. Rh1 Rf8 33. Bb5 Bc4 34. Bc6 Kg6 35. Rae1 h5 36. e5 h4 37. Rh3 dxe5 38. Bf3 Rxg3+ 39. Rxg3 hxg3 40. Rxe5 Nd7 41. Re7 Rf7 42. Re8 Nf6 43. Re5 Nd7 44. Re8 Kg7 45. Kxg3 Bb3 46. Bh5 Rf8 47. Re7+ Kh6 48. Rxd7 Kxh5 49. Rh7+ Kg6 50. Rxc7 c4 51. Rc5 Rf5 52. Nd5 Kh5 53. Rb5 Bxa4 54. Rxa5 Bc6 55. Ne7 Rxa5 56. Nxc6 Rb5 0-1

[Event "Hessen-ch Seniors op 04th"]
[Site "Bad Sooden-Allendorf"]
[Date "2008.04.25"]
[Round "2"]
[White "Vink, Wim"]
[Black "Haase, Wolfgang"]
[Result "1/2-1/2"]
[WhiteElo "2096"]
[BlackElo "1909"]
[PlyCount "108"]
[EventDate "2008.04.24"]
[EventType "swiss"]
[EventRounds "9"]
[EventCountry "GER"]
[SourceTitle "EXT 2022"]
[Source "ChessBase"]
[SourceDate "2021.10.06"]
[SourceVersion "1"]
[SourceVersionDate "2021.10.06"]
[SourceQuality "1"]

1. Nf3 d5 2. d4 e6 3. c4 c6 4. e3 Nf6 5. Nc3 Nbd7 6. Bd3 Bd6 7. 0-0 0-0 8. e4 dxe4 9. Nxe4 Nxe4 10. Bxe4 f5 11. Bc2 e5 12. c5 Be7 13. Nxe5 Nxe5 14. dxe5 Be6 15. Bb3 Qc8 16. Qc2 Bd5 17. f4 Qe6 18. Bxd5 Qxd5 19. Be3 Rad8 20. Rfd1 Qe6 21. b4 g5 22. a3 Kf7 23. fxg5 Qxe5 24. Qf2 Kg8 25. Bf4 Qg7 26. Qa2+ Qf7 27. Qxf7+ Kxf7 28. Kf2 Rg8 29. Rxd8 Rxd8 30. Re1 Rd5 31. h4 h6 32. g6+ Kf6 33. h5 Bf8 34. Re8 Bg7 35. Ke2 Rd7 36. Kf2 Rd5 37. g3 a6 38. Rb8 Rd7 39. Re8 Rd5 40. Kf3 Rd3+ 41. Kg2 Rd5 42. Kh3 Rd7 43. Kh4 Rd4 44. Rb8 Rd1 45. Kh3 Rd7 46. Re8 Rd5 47. Kg2 Rd7 48. Kf3 Rd3+ 49. Ke2 Rd7 50. Kf2 Rd5 51. Bc1 Rd7 52. Be3 Rd3 53. Ke2 Rd7 54. a4 Rd5 1/2-1/2

[Event "EU-chT Seniors 10th"]
[Site "Dresden"]
[Date "2008.02.19"]
[Round "9.3"]
[White "Borwell, Alan Peter"]
[Black "Vink, Wim"]
[Result "1/2-1/2"]
[WhiteElo "1849"]
[BlackElo "2058"]
[PlyCount "37"]
[EventDate "2008.02.11"]
[EventType "team-swiss"]
[EventRounds "9"]
[EventCountry "GER"]
[SourceTitle "CBM 122 Extra"]
[Source "ChessBase"]
[SourceDate "2008.03.04"]
[SourceVersion "1"]
[SourceVersionDate "2008.03.04"]
[SourceQuality "1"]
[WhiteTeam "Scotland"]
[BlackTeam "DD Oranjeteam II"]
[WhiteTeamCountry "SCO"]
[BlackTeamCountry "NED"]

1. e4 c6 2. d4 d5 3. exd5 cxd5 4. c4 Nf6 5. Nc3 Nc6 6. Nf3 e6 7. a3 dxc4 8. Bxc4 Be7 9. 0-0 0-0 10. b4 a6 11. Bb2 b5 12. Bb3 Bb7 13. Qe2 Re8 14. Rfd1 Qb6 15. Ne5 Bf8 16. Ne4 Nxe4 17. Qxe4 Nxe5 18. Qxe5 Rac8 19. Rac1 1/2-1/2

[Event "Groningen Harmonie op-C"]
[Site "Groningen"]
[Date "2007.12.24"]
[Round "4"]
[White "Vink, Wim"]
[Black "Tan, Matthew"]
[Result "0-1"]
[WhiteElo "2080"]
[BlackElo "2307"]
[PlyCount "44"]
[EventDate "2007.12.21"]
[EventType "swiss"]
[EventRounds "5"]
[EventCountry "NED"]
[SourceTitle "CBM 121 Extra"]
[Source "ChessBase"]
[SourceDate "2008.01.10"]
[SourceVersion "1"]
[SourceVersionDate "2008.01.10"]
[SourceQuality "1"]

1. Nf3 d5 2. d4 c6 3. e3 Nf6 4. c4 e6 5. Nc3 Nbd7 6. Bd3 dxc4 7. Bxc4 b5 8. Bd3 Bd6 9. 0-0 Bb7 10. e4 e5 11. dxe5 Nxe5 12. Nxe5 Bxe5 13. Qe2 b4 14. Na4 Qa5 15. Qc2 Rd8 16. Nc5 Bc8 17. Nb3 Bxh2+ 18. Kxh2 Ng4+ 19. Kg3 Qh5 20. Bf4 g5 21. Bc7 Nh2 22. Qxc6+ Bd7 0-1

[Event "Arco op 29th"]
[Site "Arco"]
[Date "2007.10.25"]
[Round "6"]
[White "Del Nevo, Claudio"]
[Black "Vink, Wim"]
[Result "1-0"]
[WhiteElo "1889"]
[BlackElo "2084"]
[PlyCount "121"]
[EventDate "2007.10.20"]
[EventType "swiss"]
[EventRounds "9"]
[EventCountry "ITA"]
[SourceTitle "CBM 120 Extra"]
[Source "ChessBase"]
[SourceDate "2007.11.01"]
[SourceVersion "1"]
[SourceVersionDate "2007.11.01"]
[SourceQuality "1"]

1. d4 d5 2. Nf3 Nf6 3. Bg5 Nbd7 4. e3 e6 5. Bd3 c5 6. c3 Be7 7. Bxf6 Bxf6 8. Nbd2 b6 9. Qc2 h6 10. 0-0 Bb7 11. Bb5 0-0 12. Qa4 Nb8 13. Qc2 a6 14. Bd3 Nd7 15. Rfe1 Rc8 16. Qd1 e5 17. dxe5 Nxe5 18. Nxe5 Bxe5 19. Nf3 Bb8 20. Qe2 a5 21. Ba6 Bxa6 22. Qxa6 Qc7 23. g3 Rcd8 24. Rad1 Qc6 25. Qe2 Rd6 26. Ne5 Qe8 27. f4 f6 28. Nf3 Qe4 29. Qg2 Re8 30. Nh4 Qxg2+ 31. Kxg2 Red8 32. Nf5 R6d7 33. Re2 Kf7 34. Red2 h5 35. Nh4 g6 36. Nf3 Rd6 37. h3 b5 38. g4 hxg4 39. hxg4 b4 40. cxb4 axb4 41. g5 Ke6 42. Rh1 fxg5 43. Nxg5+ Kf6 44. Rh7 R6d7 45. Rxd5 Rxh7 46. Nxh7+ Ke7 47. Rxd8 Kxd8 48. Nf8 c4 49. Ne6+ Kd7 50. Nd4 Ba7 51. Nc2 Bc5 52. Kf3 Ke6 53. Ke4 Kd6 54. Nd4 Bb6 55. f5 Bxd4 56. Kxd4 c3 57. bxc3 bxc3 58. Kxc3 g5 59. e4 Ke5 60. Kd3 Kf4 61. f6 1-0

[Event "Hessen-ch Seniors op 03rd"]
[Site "Bad Sooden-Allendorf"]
[Date "2007.05.06"]
[Round "9"]
[White "Geisler, Reinhard"]
[Black "Vink, Wim"]
[Result "1/2-1/2"]
[WhiteElo "1884"]
[BlackElo "1947"]
[PlyCount "34"]
[EventDate "2007.04.27"]
[EventType "swiss"]
[EventRounds "9"]
[EventCountry "GER"]
[SourceTitle "EXT 2022"]
[Source "ChessBase"]
[SourceDate "2021.10.06"]
[SourceVersion "1"]
[SourceVersionDate "2021.10.06"]
[SourceQuality "1"]

1. d4 d5 2. c4 c6 3. Nf3 Nf6 4. e3 g6 5. Nc3 Bg7 6. Bd3 0-0 7. 0-0 Bg4 8. h3 Bxf3 9. Qxf3 e6 10. Rd1 Nbd7 11. b3 Qe7 12. Bb2 Rfe8 13. Qe2 Red8 14. Rac1 Rac8 15. Qe1 Ne8 16. Bf1 f5 17. f4 Nef6 1/2-1/2

[Event "Hessen-ch Seniors op 03rd"]
[Site "Bad Sooden-Allendorf"]
[Date "2007.05.03"]
[Round "6"]
[White "Oldach, Ehrenfried"]
[Black "Vink, Wim"]
[Result "1/2-1/2"]
[WhiteElo "1983"]
[BlackElo "1947"]
[PlyCount "32"]
[EventDate "2007.04.27"]
[EventType "swiss"]
[EventRounds "9"]
[EventCountry "GER"]
[SourceTitle "EXT 2022"]
[Source "ChessBase"]
[SourceDate "2021.10.06"]
[SourceVersion "1"]
[SourceVersionDate "2021.10.06"]
[SourceQuality "1"]

1. e4 c6 2. Nc3 d5 3. Qf3 dxe4 4. Nxe4 Nd7 5. d4 Ngf6 6. c3 Nxe4 7. Qxe4 Nf6 8. Qc2 Bg4 9. Ne2 e6 10. Ng3 Bd6 11. h3 Bh5 12. Nxh5 Nxh5 13. Be2 Nf4 14. Bf3 Qc7 15. Be3 Nd5 16. Bxd5 exd5 1/2-1/2

[Event "EU-chT Seniors 09th"]
[Site "Dresden"]
[Date "2007.02.21"]
[Round "6"]
[White "Vink, Wim"]
[Black "Bakhmatov, Eduard"]
[Result "1/2-1/2"]
[WhiteElo "2102"]
[BlackElo "2335"]
[PlyCount "63"]
[EventDate "2007.02.16"]
[EventType "team-swiss"]
[EventRounds "9"]
[EventCountry "GER"]
[SourceTitle "CBM 117 Extra"]
[Source "ChessBase"]
[SourceDate "2007.05.09"]
[SourceVersion "1"]
[SourceVersionDate "2007.05.09"]
[SourceQuality "1"]

1. e4 g6 2. d4 Bg7 3. Nc3 c6 4. Be3 d6 5. Qd2 b5 6. a3 Nd7 7. f3 a6 8. Bd3 c5 9. dxc5 Nxc5 10. Nge2 Bb7 11. 0-0 h5 12. Rac1 Rc8 13. Bd4 Nf6 14. Nd5 e6 15. Nxf6+ Bxf6 16. Bxf6 Qxf6 17. Nc3 0-0 18. Rce1 Rfd8 19. f4 Qd4+ 20. Qf2 Qxf2+ 21. Rxf2 d5 22. exd5 Bxd5 23. Bf1 Bb7 24. g3 Rd4 25. Bg2 Bxg2 26. Kxg2 Rcd8 27. Re5 Nd7 28. Re4 Nb6 29. Rxd4 Rxd4 30. b3 Nc8 31. Re2 Nd6 32. Kf3 1/2-1/2

[Event "Arco op 28th"]
[Site "Arco"]
[Date "2006.10.23"]
[Round "3"]
[White "Vink, Wim"]
[Black "Bronznik, Valerij"]
[Result "0-1"]
[WhiteElo "2118"]
[BlackElo "2391"]
[PlyCount "76"]
[EventDate "2006.10.21"]
[EventType "swiss"]
[EventRounds "9"]
[EventCountry "ITA"]
[SourceTitle "EXT 2007"]
[Source "ChessBase"]
[SourceDate "2006.11.23"]
[SourceVersion "1"]
[SourceVersionDate "2006.11.23"]
[SourceQuality "1"]

1. Nf3 f5 2. d4 Nf6 3. g3 g6 4. Bg2 Bg7 5. 0-0 0-0 6. c4 d6 7. Nc3 Qe8 8. d5 a5 9. Be3 Na6 10. Qc2 h6 11. Bd4 g5 12. e3 Bd7 13. Rad1 c5 14. Bxf6 Bxf6 15. b3 Nb4 16. Qd2 Bxc3 17. Qxc3 Nxa2 18. Qb2 Nb4 19. h4 Qg6 20. Qb1 b5 21. cxb5 Bxb5 22. Rfe1 a4 23. bxa4 Bxa4 24. Rd2 Bd7 25. hxg5 hxg5 26. Nd4 cxd4 27. Qxb4 dxe3 28. fxe3 Qf6 29. Kf2 Kg7 30. Rh1 Rfb8 31. Qc4 Rb2 32. Rhd1 Ra1 33. Qe2 Bb5 34. Qe1 Raa2 35. Bf1 Qc3 36. Rxb2 Qxb2+ 37. Kf3 g4+ 38. Kf4 Kf6 0-1

[Event "Lyon Rhone op"]
[Site "Lyon"]
[Date "2006.??.??"]
[Round "2"]
[White "Ikonnikov, Vyacheslav"]
[Black "Vink, Wim"]
[Result "1-0"]
[WhiteElo "2593"]
[BlackElo "2158"]
[PlyCount "75"]
[EventDate "2006.04.??"]
[EventType "swiss"]
[EventRounds "9"]
[EventCountry "FRA"]
[SourceTitle "EXT 2007"]
[Source "ChessBase"]
[SourceDate "2006.11.23"]
[SourceVersion "1"]
[SourceVersionDate "2006.11.23"]
[SourceQuality "1"]

1. d4 d5 2. Nf3 Nf6 3. c4 c6 4. Nc3 e6 5. Bg5 Be7 6. e3 Nbd7 7. Qc2 0-0 8. Rd1 Re8 9. a3 dxc4 10. Bxc4 Nd5 11. Bxe7 Qxe7 12. 0-0 Nxc3 13. Qxc3 b6 14. b4 Bb7 15. Be2 a5 16. Rb1 axb4 17. axb4 Ra7 18. Nd2 c5 19. dxc5 bxc5 20. b5 Nb6 21. Nc4 Qg5 22. f3 Nxc4 23. Bxc4 Bd5 24. b6 Raa8 25. b7 Rab8 26. Ba6 Qe7 27. Rb6 f5 28. Rfb1 Red8 29. Qe5 Qf6 30. Qxf6 gxf6 31. Rc1 c4 32. Bxc4 Rxb7 33. Rxb7 Bxb7 34. Bxe6+ Kh8 35. Bxf5 Rg8 36. Kf2 Rg7 37. g4 Re7 38. e4 1-0